000
00306nam a22001457a 4500
999
_c
167598
_d
167598
082
_a
_b
100
_a
Cohen Andrew D
245
_a
Language learning strategies/
_c
by Cohen Andrew D.
250
_a
260
_a
_b
Oxford,
_c
2009.
300
_a
336p.
600
_a
650
_a
942
_c
BK